00393nam a2200145Ia 450000500170000000800410001702000150005808200130007310000170008624500580010325000080016126000450016930000130021465000200022720250324125506.0240331s9999 xx 000 0 und d a8187477091 bRAMa894 aRamaswamy, S 0aNa. Pitchamoorthiyin kalai :bmarabum manidha neyamum a2nd aNagercoilbKalachuvadu Pathippagamc2001 a128 p ., aCritical study